| 000 | 00630nam a2200229Ia 4500 | ||
|---|---|---|---|
| 003 | OSt | ||
| 005 | 20220926035207.0 | ||
| 006 | a|||||r|||| 00| 0 | ||
| 007 | ta | ||
| 008 | 220923b |||||||| |||| 00| 0 eng d | ||
| 037 | _cGeneral Book | ||
| 040 |
_aRTL _cRTL _beng |
||
| 041 |
_2eng _aeng |
||
| 082 | _aX: 8E, J4 | ||
| 100 | _aSherwood Frank P | ||
| 245 | 0 | _aManagement approach to budgeting | |
| 260 | _c1954 | ||
| 490 | _aInternation Institute of Administrative Science (Brussels) publication,22 | ||
| 650 | _aBudgeting | ||
| 942 |
_hX: 8E, J4 _cGB _2CC |
||
| 999 |
_c661552 _d661552 |
||